Najlepší výkon majstra sveta (11. partia šachu Spasský - Fischer)

Bibliographic Details
Format: Article
Language:Slovak
ISSN:0139-7001
Subjects:

MARC

LEADER 00000nab a2200000 ar4500
001 vtls009954739
003 SK-MaSNL
005 20260303050204.0
008 090929c19720808xo dr|n|||||||000 b|slo
015 |a SNKBUCL1972  |2 snkbucl 
038 |a SNKBUCL 
040 |a SNKBUCL  |b slo  |c SNKBUCL  |e AACR2 
041 0 |a slo 
044 |a xo  |c SK 
080 |a 794.1  |2 2001 
245 0 0 |a Najlepší výkon majstra sveta  |b (11. partia šachu Spasský - Fischer) 
650 0 7 |a šach  |2 snkbucl  |9 3315 
773 0 |t Šport  |g (8.8.1972), s. 1 a 5  |x 0139-7001 
852 |a SNK  |b KIS3GCP 
999 |c 1706513  |d 1708443